MARC details
| 000 -CABECERA |
| campo de control de longitud fija |
01085cam a2200301 a 4500 |
| 001 - NÚMERO DE CONTROL |
| campo de control |
000018003 |
| 005 - FECHA Y HORA DE LA ÚLTIMA TRANSACCIÓN |
| campo de control |
20200929165319.0 |
| 008 - DATOS DE LONGITUD FIJA--INFORMACIÓN GENERAL |
| campo de control de longitud fija |
021015s2000 bl a b 001 0 por |
| 010 ## - NÚMERO DE CONTROL DE LA BIBLIOTECA DEL CONGRESO |
| Número de control de LC |
2002370361 |
| 020 ## - NÚMERO INTERNACIONAL ESTÁNDAR DEL LIBRO |
| Número Internacional Estándar del Libro |
8521000588 |
| 035 ## - NÚMERO DE CONTROL DEL SISTEMA |
| Número de control de sistema |
(DLC) 2002370361 |
| 040 ## - FUENTE DE LA CATALOGACIÓN |
| Centro catalogador/agencia de origen |
DO-SdBNP |
| Centro/agencia transcriptor |
DLC |
| 042 ## - CÓDIGO DE AUTENTICACIÓN |
| Código de autenticación |
lcode |
| 050 00 - SIGNATURA TOPOGRÁFICA DE LA BIBLIOTECA DEL CONGRESO |
| Número de clasificación |
PQ9697 |
| Número de documento/Ítem |
.A965 2000 |
| 100 1# - ENTRADA PRINCIPAL--NOMBRE DE PERSONA |
| Nombre de persona |
Azevedo, Manuel Antonio Alvares de, |
| Fechas asociadas al nombre |
1831-1852. |
| 9 (RLIN) |
39032 |
| 240 10 - TÍTULO UNIFORME |
| Título uniforme |
Works. |
| Fecha de publicación/de la obra |
2000 |
| 245 10 - MENCIÓN DE TÍTULO |
| Título |
Obra completa / |
| Mención de responsabilidad, etc. |
Alvares de Azevedo ; organizacao, Alexei Bueno ; textos criticos, Jaci Monteiro ... [et al.]. |
| 250 ## - MENCIÓN DE EDICIÓN |
| Mención de edición |
1. ed. |
| 260 ## - PUBLICACIÓN, DISTRIBUCIÓN, ETC. |
| Lugar de publicación, distribución, etc. |
Rio de Janeiro : |
| Nombre del editor, distribuidor, etc. |
Editora Nova Aguilar, |
| Fecha de publicación, distribución, etc. |
2000. |
| 300 ## - DESCRIPCIÓN FÍSICA |
| Extensión |
849 p. : |
| Otras características físicas |
ill. : ; |
| Dimensiones |
19 cm. |
| 490 0# - MENCIÓN DE SERIE |
| Mención de serie |
Biblioteca luso-brasileira. |
| -- |
Serie brasileira |
| 500 ## - NOTA GENERAL |
| Nota general |
"Em um volume"--Added t.p. |
| 500 ## - NOTA GENERAL |
| Nota general |
"Cronologia da vida e da obra": p. [15]-17. |
| 504 ## - NOTA DE BIBLIOGRAFÍA, ETC. |
| Nota de bibliografía, etc. |
Includes bibliographical references by and about the author (p. [839]-842) and index. |
| 700 1# - PUNTO DE ACCESO ADICIONAL--NOMBRE DE PERSONA |
| Nombre de persona |
Bueno, Alexei, |
| Fechas asociadas al nombre |
1963- |
| 9 (RLIN) |
39033 |
| 700 1# - PUNTO DE ACCESO ADICIONAL--NOMBRE DE PERSONA |
| Nombre de persona |
Monteiro, Jaci. |
| 9 (RLIN) |
39034 |
| 910 ## - DATOS DE OPCIÓN DEL USUARIO (OCLC) |
| Datos de opción del usuario |
Catalogación por copia / LC |